000 00327 a2200133 4500
999 _c325021
_d325021
001 89948
003 NUST
005 20180124142759.0
008 180124b xxu||||| |||| 00| 0 eng d
082 _a891.4393 MUS
100 _aMustansar Hussain Tarar
_99703
245 _aQila Jangi
_hUrdu
260 _aLahore
_bSang-e-Meel Publications
_c2008
300 _a216p.
500 _aGeneral Books
942 _aCAE NUST
_cBK
_k891.4393 MUS
_2ddc